000 00367nam a22001337a 4500
082 _a621.3192
_bKIM
_cL-10, P-13
100 _aKimbark, Edward Wilson.
_941429
245 _aPower System stability.
260 _aUSA
_bJohn Wiley & Sons Inc.
300 _a355 p. :
_bill. :
_c6 Cm
526 _a0
_b0
_c0
_d621_319200000000000_KIM
650 _aMCE
_9379
942 _2ddc
_cBK
999 _c545535
_d545535